Reverberations of faith : (Record no. 9330)

MARC details
000 -LEADER
fixed length control field 02890cam a22003614i 4500
001 - CONTROL NUMBER
control field 49386034
003 - CONTROL NUMBER IDENTIFIER
control field OCoLC
005 - DATE AND TIME OF LATEST TRANSACTION
control field 20241126110710.0
008 - FIXED-LENGTH DATA ELEMENTS--GENERAL INFORMATION
fixed length control field 020311s2002 kyu b 001 0 eng
010 ## -
-- 2002016869
020 ## - INTERNATIONAL STANDARD BOOK NUMBER
International Standard Book Number 0664222315
Qualifying information (alk. paper)
020 ## - INTERNATIONAL STANDARD BOOK NUMBER
International Standard Book Number 9780664222314
Qualifying information (alk. paper)
035 ## - SYSTEM CONTROL NUMBER
System control number tcgc291705
035 ## - SYSTEM CONTROL NUMBER
System control number (OCoLC)49386034
040 ## - CATALOGING SOURCE
Original cataloging agency DLC
Language of cataloging eng
Description conventions rda
Transcribing agency DLC
Modifying agency IXT
-- C#P
-- LTS
042 ## -
-- pcc
050 00 -
-- BS1192.5
-- .B785 2002
082 00 - DEWEY DECIMAL CLASSIFICATION NUMBER
Classification number 230.0411
Edition information 21
Item number BRU
100 1# - MAIN ENTRY--PERSONAL NAME
Personal name Brueggemann, Walter.
Authority record control number or standard number https://id.loc.gov/authorities/names/n50042932
9 (RLIN) 1793
245 10 - TITLE STATEMENT
Title Reverberations of faith :
Remainder of title a theological handbook of Old Testament themes /
Statement of responsibility, etc. Walter Brueggemann.
250 ## - EDITION STATEMENT
Edition statement First edition.
264 #1 - PRODUCTION, PUBLICATION, DISTRIBUTION, MANUFACTURE, AND COPYRIGHT NOTICE
Place of production, publication, distribution, manufacture Louisville, Ky. :
Name of producer, publisher, distributor, manufacturer Westminster John Knox Press,
Date of production, publication, distribution, manufacture, or copyright notice [2002]
264 #4 - PRODUCTION, PUBLICATION, DISTRIBUTION, MANUFACTURE, AND COPYRIGHT NOTICE
Date of production, publication, distribution, manufacture, or copyright notice ℗♭2002
300 ## - PHYSICAL DESCRIPTION
Extent xii, 256 pages ;
Dimensions 23 cm
336 ## - CONTENT TYPE
Content type term text
Content type code txt
Source rdacontent
337 ## - MEDIA TYPE
Media type term unmediated
Media type code n
Source rdamedia
338 ## - CARRIER TYPE
Carrier type term volume
Carrier type code nc
Source rdacarrier
504 ## - BIBLIOGRAPHY, ETC. NOTE
Bibliography, etc. note Includes bibliographical references and indexes.
505 0# - FORMATTED CONTENTS NOTE
Formatted contents note The ancestors -- Angel -- Apocalyptic thought -- The ark -- Asherah -- Assyria -- Atonement -- Baal -- Babylon -- Blessing -- Book of the covenant -- Canaanites -- Canon -- Chaos -- The chronicler -- Circumcision -- Community -- Covenant -- Creation -- David -- The day of the Lord -- Death -- The Decalogue -- Deuteronomic theology -- Divine council -- Education -- Egypt -- Election -- Elijah -- Ethics -- Exile -- Exodus -- Ezra -- Faith -- The fall -- Fertility religion -- Festivals -- Forgiveness -- Glory -- Hannah -- Herem -- High place -- History -- Holiness -- Hope -- Huldah -- The hymn -- Image of God -- Jerusalem -- Jezebel -- Jubilee -- Kingship -- The lament -- Land -- Listening -- Love -- Messiah -- Miracle -- Miriam -- Money -- Monotheism -- Moses -- Neighbor -- Persia -- Plague -- Prayer -- Priestly tradition -- Priests -- Promise -- Prophets -- Purim -- Redemption -- Reform of Hezekiah -- Reform of Josiah -- Remnant -- Repentance -- Resurrection -- Retribution -- Righteousness -- Sabbath -- Sacrifice -- Salvation -- Samaritans -- Satan -- Scribes -- Sexuality -- Sin -- Sojourner -- Spirit -- Suffering -- Suffering servant -- Temple -- Thanksgiving -- Theodicy -- Theophany -- Torah -- Tradition -- Vengeance -- Violence -- War -- Widow -- Wilderness -- Wisdom -- Worship -- YHWH.
520 ## - SUMMARY, ETC.
Summary, etc. Explores more than 100 Old Testament themes. Each entry states the consensus reading, identifies what is at issue in the interpretive question, and discusses the practical significance of the issue for the church today, in part by suggesting contemporary connections to the ancient texts.--
Assigning source From publisher's description.
630 00 - SUBJECT ADDED ENTRY--UNIFORM TITLE
Uniform title Bible.
Name of part/section of a work Old Testament
Authority record control number or standard number https://id.loc.gov/authorities/names/n79054379
General subdivision Theology.
Authority record control number or standard number https://id.loc.gov/authorities/subjects/sh2001008984
9 (RLIN) 2493
942 ## - ADDED ENTRY ELEMENTS (KOHA)
Source of classification or shelving scheme Dewey Decimal Classification
Koha item type Books
Koha issues (borrowed), all copies 3
Holdings
Withdrawn status Lost status Source of classification or shelving scheme Damaged status Not for loan Home library Current Library Shelving location Date acquired Total checkouts Total renewals Full call number Barcode Date last seen Date last checked out Copy number Price effective from Koha item type
    Dewey Decimal Classification     GRACE BIBLE COLLEGE GRACE BIBLE COLLEGE Theology 2022-10-10 5 1 230.0411 BRU 015780 2025-05-01 2025-02-06 c.1 2022-10-10 Books
© Grace Bible College Library 2025